Datum a čas kvízu
37
Celkem bodů
Celkový počet nahraných bodů na tomto kvízu bez doplňovacích otázek.
3.
Pořadí na kvízu
Konečné umístění týmu na tomto kvízu.
Zaznamenané odpovědi
| # | Otázka | Odpověď | Body | Výsledky |
|---|---|---|---|---|
| 1. | Společnost Lidl oznámila, že s... | Na Příkopě | 1 | |
| 2. | Válkou postižené Ukrajině přic... | Starlink | 1 | |
| 3. | Jak zní název nového krimináln... | Šéfka | 1 | |
| 4. | V pondělí představila společno... | příchuť vesmíru | 1 | |
| 5. | Po útoku na Ukrajinu odstoupil... | Helsinky, Riga | 1 | |
| 6. | Začneme sarajevským atentátem... | V 50 letech. (Uznáváme 48–52 let.) | 0 | |
| 7. | Na Adolfa Hitlera bylo spáchán... | Stauffenberg | 1 | |
| 8. | Fanny Kaplanová byla ruskou po... | B | 1 | |
| 9. | Jak se jmenoval jediný novodob... | Alois Rašín | 1 | |
| 10. | Poslední bod tohoto tématu roz... | Bénazír Bhuttová, Pákistán | 0 |